Statistics for Speed typing #13

Click here to take the quiz!

General Stats

  • This quiz has been taken 23 times
  • The average score is 9 of 10

Answer Stats

HintAnswer% Correct
gTypingTypin
100%
GypintGypint
95%
ingTypingTyp
95%
ngTypingTypi
95%
pingTypingTy
95%
PytingPyting
95%
ypingTypingT
95%
GynpitGynpit
90%
TipyngTipyng
90%
TypnigTypnig
90%

Score Distribution

Percentile by Number Answered

Percent of People with Each Score

Your Score History

You have not taken this quiz